Cannonball Adderley (Record n. 99306)

Dettagli MARC
000 -LEADER
fixed length control field 02427njm a2200397Ia 4500
001 - CONTROL NUMBER
control field A9528
003 - CONTROL NUMBER IDENTIFIER
control field IT-RoPAU
005 - DATE AND TIME OF LATEST TRANSACTION
control field 20220918181115.0
008 - FIXED-LENGTH DATA ELEMENTS--GENERAL INFORMATION
fixed length control field 131025s9999 xx 000 0 und d
040 ## - CATALOGING SOURCE
Original cataloging agency IT-RoPAU
040 ## - CATALOGING SOURCE
Transcribing agency IT-RoPAU
999 ## - SYSTEM CONTROL NUMBERS (KOHA)
Koha Dewey Subclass [OBSOLETE] n.d.
100 ## - MAIN ENTRY--PERSONAL NAME
Personal name AA.VV.
9 (RLIN) 794
100 ## - MAIN ENTRY--PERSONAL NAME
Relator term Autore musica
9 (RLIN) 28429
100 ## - MAIN ENTRY--PERSONAL NAME
Miscellaneous information Codice autore musica SPICS: 12000
9 (RLIN) 796
245 ## - TITLE STATEMENT
Title Cannonball Adderley
250 ## - EDITION STATEMENT
Edition statement 2a ed.
260 ## - PUBLICATION, DISTRIBUTION, ETC. (IMPRINT)
Place of publication, distribution, etc. MILANO
260 ## - PUBLICATION, DISTRIBUTION, ETC. (IMPRINT)
Name of publisher, distributor, etc. RUSCONI
Date of publication, distribution, etc. 1992 [1a Ed.:0]
300 ## - PHYSICAL DESCRIPTION
Extent COMPACT DISC
300 ## - PHYSICAL DESCRIPTION
Dimensions 66 minuti (Testo: 0 pag.)
500 ## - GENERAL NOTE
General note Musica jazz. Disco fuori commercio allegato al n. 6 1992 della rivista "Musica jazz"
505 ## - FORMATTED CONTENTS NOTE
Formatted contents note Blue Daniel [(Stoccolma, 21 novembre 1960) (9:00)] - Azule Serape [(Stoccolma, 21 novembre 1960) (8:00)] - Big P. [(Stoccolma, 21 novembre 1960) (9:00)] - Domination [(Amburgo, 19 marzo 1969) (4:00)] - Hamba Nami [(Amburgo, 19 marzo 1969) (4:00)] - I'm On My Way (5:00) - Work Song [(Amburgo, 19 marzo 1969) (6:00)] - Sweet Emma [(Amburgo, 19 marzo 1992) (5:00)] - Rumpelstiliskin [(Amburgo, 19 marzo 1969) (5:00)] - Experience In E [(Amburgo, 19 marzo 1969) (6:00)] - Somewhere [(Amburgo, 19 marzo 1969) (5:00)] - Sticks [(Amburgo, 19 marzo 1969) (4:00)]
511 ## - PARTICIPANT OR PERFORMER NOTE
Participant or performer note Adderley Nat: corn; Adderley Julian "Cannonball": alto; Feldman Victor: p; Jones Sam: cb; Hayes Louis: batt
511 ## - PARTICIPANT OR PERFORMER NOTE
Participant or performer note Adderley Nat: corn; Adderley Julian "Cannonball": alto; Zawinul Joe: p; Gaskin Victor: cb; McCurdy Roy: batt
650 ## - SUBJECT ADDED ENTRY--TOPICAL TERM
Topical term or geographic name as entry element JAZZ [COMPACT DISC]
Relator term Codice MATERIA SPICS: 9949
9 (RLIN) 11822
700 ## - ADDED ENTRY--PERSONAL NAME
Personal name Adderley Nat
Miscellaneous information Codice interprete SPICS: 28426
Relator term Interprete
9 (RLIN) 28430
700 ## - ADDED ENTRY--PERSONAL NAME
Personal name Rosolino Frank
Miscellaneous information Codice autore musica SPICS: 36619
Relator term Autore musica
Name of part/section of a work Blue Daniel
9 (RLIN) 28431
700 ## - ADDED ENTRY--PERSONAL NAME
Personal name Feldman Victor
Miscellaneous information Codice autore musica SPICS: 36620
Relator term Autore musica
Name of part/section of a work Azule Serape
9 (RLIN) 28432
700 ## - ADDED ENTRY--PERSONAL NAME
Personal name Heath Jimmy
Miscellaneous information Codice autore musica SPICS: 36621
Relator term Autore musica
Name of part/section of a work Big P.
9 (RLIN) 28433
700 ## - ADDED ENTRY--PERSONAL NAME
Personal name Adderley Julian
Miscellaneous information Codice autore musica SPICS: 36622
Relator term Autore musica
Name of part/section of a work Domination - Hamba Nami - I'm On My Way
9 (RLIN) 28434
700 ## - ADDED ENTRY--PERSONAL NAME
Personal name Adderley Nat
Miscellaneous information Codice autore musica SPICS: 28426
Relator term Autore musica
Name of part/section of a work Work Song - Sweet Emma
9 (RLIN) 28435
700 ## - ADDED ENTRY--PERSONAL NAME
Personal name Zawinul Josef
Miscellaneous information Codice autore musica SPICS: 29324
Relator term Autore musica
Name of part/section of a work Rumpelstiliskin - Experience In E - Sticks
9 (RLIN) 28436
700 ## - ADDED ENTRY--PERSONAL NAME
Personal name Bernstein Leonard
Miscellaneous information Codice autore musica SPICS: 10723
Relator term Autore musica
Name of part/section of a work Somewhere
9 (RLIN) 28437
942 ## - ADDED ENTRY ELEMENTS (KOHA)
Koha item type CD AUDIO
Source of classification or shelving scheme Dewey Decimal Classification
Dati di copia
Withdrawn status Lost status Damaged status Not for loan Home library Current library Date acquired Total Checkouts Full call number Date last seen Price effective from Koha item type Public note
    Buone Condizioni Not For Loan SPICS-MEDIATECA SPICS-MEDIATECA 25/10/2013   A9528 25/10/2013 25/10/2013 CD AUDIO Progr. Ins.: 392 / N.Vol.: 1 / Copie: 1 - Copia rara: n.d. / date import: 01.01.2014 - By Epidotti, Trombetti, Vaglietti
CREDITS: SOCIETA' SAN PAOLO Via A.Severo, 58 - ROMA (RM) & PERIODICI SAN PAOLO SRL Via Giotto, 36 MILANO & CISF Via Giotto, 36 MILANO & EDIZIONI SAN PAOLO SRL,  Piazza Soncino, 5 CINISELLO BALSAMO (MI) -- ITALY